100 Most Dangerous Cities in 2025 - Statistics

General Stats
  • This quiz has been taken 440 times
    418 since last reset
  • The average score is 50 of 100
Answer Stats
Rank Country Crime Index Answer % Correct
16 South Africa 73.7 Cape Town
91%
5 South Africa 80.8 Johannesburg
91%
14 Brazil 75.2 Rio de Janeiro
89%
3 Venezuela 81.5 Caracas
88%
24 Brazil 70.1 São Paulo
85%
80 France 58.0 Paris
80%
31 Mexico 67.5 Mexico City
79%
40 USA 66.1 Chicago
78%
37 Colombia 66.4 Bogotá
77%
17 USA 73.2 Detroit
76%
2 South Africa 81.8 Pretoria
75%
52 Argentina 63.3 Buenos Aires
73%
53 Ecuador 63.1 Quito
73%
77 Brazil 58.9 Brasília
72%
49 UK 63.9 Birmingham
71%
27 Syria 68.9 Damascus
71%
29 Nigeria 68.1 Lagos
71%
26 Jamaica 69.1 Kingston
70%
4 Papua New Guinea 81.2 Port Moresby
70%
23 Peru 70.7 Lima
69%
46 Philippines 64.5 Manila
69%
41 France 66.0 Marseille
69%
99 Greece 55.3 Athens
67%
91 Iraq 56.2 Baghdad
66%
6 South Africa 80.6 Durban
66%
93 UK 55.8 Manchester
66%
54 Italy 62.7 Naples
66%
83 Iran 57.2 Tehran
66%
56 Bangladesh 62.3 Dhaka
65%
74 India 59.1 Delhi
64%
87 France 56.9 Lyon
63%
50 Chile 63.7 Santiago
63%
85 Pakistan 57.0 Karachi
62%
73 Kenya 59.7 Nairobi
62%
97 Costa Rica 55.5 San José
62%
82 El Salvador 57.2 San Salvador
62%
25 USA 69.6 St. Louis
62%
88 Uruguay 56.3 Montevideo
61%
33 USA 67.3 New Orleans
61%
47 USA 64.1 Atlanta
60%
51 USA 63.6 Houston
59%
19 Mexico 71.9 Tijuana
59%
9 USA 77.4 Memphis
58%
39 USA 66.2 Philadelphia
58%
95 Morocco 55.6 Casablanca
57%
55 Mexico 62.3 Guadalajara
57%
67 Malaysia 60.5 Kuala Lumpur
57%
62 USA 61.5 San Francisco
56%
84 Paraguay 57.0 Asunción
55%
18 USA 73.1 Baltimore
55%
11 Trinidad and Tobago 76.3 Port of Spain
54%
69 USA 60.4 Washington, D.C.
54%
34 Namibia 66.9 Windhoek
54%
90 Sweden 56.2 Malmö
53%
21 Colombia 71.3 Cali
51%
63 Zimbabwe 61.5 Harare
51%
89 France 56.2 Nice
51%
71 Brazil 60.1 Belo Horizonte
50%
32 USA** 67.5 San Juan
49%
15 Ecuador 74.4 Guayaquil
48%
10 Brazil 76.7 Salvador
48%
96 USA 55.6 Las Vegas
47%
12 Brazil 75.7 Recife
47%
8 South Africa 78.1 Port Elizabeth
45%
30 DR 68.1 Santo Domingo
44%
79 USA 58.2 Kansas City
43%
13 Brazil 75.7 Fortaleza
41%
36 USA 66.8 Milwaukee
41%
92 USA 55.9 Minneapolis
41%
81 USA 57.4 Portland
41%
66 USA 60.7 Indianapolis
40%
22 Brazil 70.8 Porto Alegre
40%
98 Mexico 55.4 Cancún
39%
86 USA 57.0 Jacksonville
39%
68 Canada 60.5 Winnipeg
36%
20 USA 71.4 Albuquerque
34%
65 Argentina 61.0 Córdoba
33%
28 USA 68.6 Oakland
33%
43 Australia 65.7 Alice Springs
32%
60 Belgium 61.6 Liège
31%
76 France 58.9 Nantes
31%
7 Honduras 79.7 San Pedro Sula
31%
61 Brazil 61.5 Curitiba
30%
78 Mexico 58.3 Puebla
25%
94 Canada 55.8 Hamilton
24%
64 France 61.0 Montpellier
23%
48 Philippines 63.9 Quezon City
22%
42 Brazil 65.7 Campinas
20%
38 UK 66.3 Bradford
19%
44 UK 64.8 Coventry
17%
100 Canada 55.3 Brampton
15%
1 South Africa 82 Pietermaritzburg
13%
72 France 60.0 Grenoble
11%
59 Australia 61.8 Townsville
10%
45 Canada 64.7 Surrey
8%
35 Australia 66.8 Rockhampton
6%
70 Canada 60.2 Sault Ste. Marie
6%
58 Canada 61.9 Sudbury
6%
57 Canada 62.1 Kelowna
5%
75 India 59.0 Ghaziabad
2%
No matching quizzes found
Score Distribution
Percent of People with Each Score
Percentile by Number Answered
Your Score History
You have not taken this quiz since the last reset